Central Library OPAC University of Rajshahi

Applied Geophysics : (Record no. 86189)

MARC details
000 -LEADER
fixed length control field 00618nam a2200217 a 4500
001 - CONTROL NUMBER
control field 86189
003 - CONTROL NUMBER IDENTIFIER
rucl marc code BD-RjUL
005 - DATE AND TIME OF LATEST TRANSACTION
control field 20260222110806.0
008 - FIXED-LENGTH DATA ELEMENTS--GENERAL INFORMATION
fixed length control field 260222s2019 nyu||||| |||| 00| 0 eng d
020 ## - INTERNATIONAL STANDARD BOOK NUMBER
International Standard Book Number 9781682866429
035 ## - SYSTEM CONTROL NUMBER
System control number (BD-RjUL)86189
040 ## - CATALOGING SOURCE
Original cataloging agency BD-RjUL
Language of cataloging eng
Transcribing agency BD-RjUL
041 ## - LANGUAGE CODE
Language code of text/sound track or separate title eng
082 ## - DEWEY DECIMAL CLASSIFICATION NUMBER
Edition number 23
Classification number 550
Author mark and year APP 2019
245 ## - TITLE STATEMENT
Title Applied Geophysics :
Remainder of title Modeling and Simulation /
Statement of responsibility, etc. Edited by Karl Seibert
260 ## - PUBLICATION, DISTRIBUTION, ETC. (IMPRINT)
Place of publication, distribution, etc. New York :
Name of publisher, distributor, etc. Syrawood Publishing house,
Date of publication, distribution, etc. 2019
300 ## - PHYSICAL DESCRIPTION
Pagination vi, 211 p.:
Illustrations ill.;
Size 29 cm.
650 ## - SUBJECT ADDED ENTRY--TOPICAL TERM
Topical term or geographic name as entry element Geophysics
9 (RLIN) 17754
700 ## - ADDED ENTRY--PERSONAL NAME
Personal name Seibert, Karl
942 ## - ADDED ENTRY ELEMENTS (KOHA)
Source of classification or shelving scheme Dewey Decimal Classification
Koha item type Books
Holdings
Lost status Source of classification or shelving scheme Damaged status Not for loan Collection code Permanent Location Current Location Shelving location Date acquired Source of acquisition Cost, normal purchase price Total Checkouts Full call number Date last seen Copy number Koha item type
  Dewey Decimal Classification   Not For Loan Non-fiction Central Library, University of Rajshahi Central Library, University of Rajshahi Reading Room 19/02/2026 Book Finder, Dhaka 8660.00   550 APP 2019 22/02/2026 C-1 Books
  Dewey Decimal Classification     Non-fiction Central Library, University of Rajshahi Central Library, University of Rajshahi General Stacks 19/02/2026 Book Finder, Dhaka 8660.00   550 APP 2019 22/02/2026 C-2 Books